Ranthambhore : (Record no. 49369)

MARC details
000 -LEADER
fixed length control field 01136nam a22002657a 4500
005 - DATE AND TIME OF LATEST TRANSACTION
control field 20101221150319.0
008 - FIXED-LENGTH DATA ELEMENTS--GENERAL INFORMATION
fixed length control field 101221t xxu||||| |||| 00| 0 eng d
010 ## - LCCN (DPL NO)
LC control number ENG-101841
020 ## - INTERNATIONAL STANDARD BOOK NUMBER
International Standard Book Number 0198070918
Terms of availability 1100.00
035 ## - SYSTEM CONTROL NUMBER
System control number EN-85374
037 ## - SOURCE OF ACQUISITION
Source of stock number/acquisition DBAD/PUB
040 ## - CATALOGING SOURCE
Original cataloging agency dpl
Language of cataloging Eng
082 ## - DEWEY DECIMAL CLASSIFICATION NUMBER
Classification number 599.75609544
100 1# - MAIN ENTRY--PERSONAL NAME
Personal name Thapar, Valmik
9 (RLIN) 25037
245 10 - TITLE STATEMENT
Title Ranthambhore :
Remainder of title 10 days in the tiger fortress /
Statement of responsibility, etc by Valmik Thapar
260 ## - PUBLICATION, DISTRIBUTION, ETC. (IMPRINT)
Place of publication, distribution, etc New Delhi
Name of publisher, distributor, etc Oxford University Press
Date of publication, distribution, etc 2008
270 ## - ADDRESS
Address YMCA Library Building , Jai Singh Road
City New Delhi
Postal code 110001
300 ## - PHYSICAL DESCRIPTION
Extent xv, 149 p. :
Other physical details col. ill.
Dimensions 23 cm (Hb)
650 #0 - SUBJECT ADDED ENTRY--TOPICAL TERM
Topical term or geographic name as entry element Tiger
Geographic subdivision India
-- Ranthambhor National Park.
9 (RLIN) 25038
650 #0 - SUBJECT ADDED ENTRY--TOPICAL TERM
Topical term or geographic name as entry element Tiger
Geographic subdivision India
-- Ranthambhor National Park
Form subdivision Pictorial works.
9 (RLIN) 25039
856 42 - ELECTRONIC LOCATION AND ACCESS
Materials specified Contributor biographical information
Uniform Resource Identifier <a href="http://www.loc.gov/catdir/enhancements/fy0908/2008319501-b.html">http://www.loc.gov/catdir/enhancements/fy0908/2008319501-b.html</a>
942 ## - ADDED ENTRY ELEMENTS (KOHA)
Source of classification or shelving scheme Dewey Decimal Classification
Item type English Books
Classification part 599.75609544
Call number suffix THA
Holdings
Withdrawn status Lost status Source of classification or shelving scheme Damaged status Not for loan Collection code Home library Current library Date acquired Source of acquisition Cost, normal purchase price Total Checkouts Full call number Barcode Date last seen Copy number Cost, replacement price Koha item type
    Dewey Decimal Classification   Not For Loan Non-fiction D.B.Act.Division D.B.Act.Division 21/12/2010 DBAD/PUB 1100.00   599.75609544 THA EN-85374 21/12/2010 1 1100.00 English Books

© Delhi Public Library
Hit Counter
free hit counter